Quy hoạch, kế hoạch sử dụng đất theo pháp luật Việt Nam : Thực trạng và kiến nghị /

保存先:
書誌詳細
第一著者: Phạm Hữu Nghị, PGS. TS.
フォーマット: 論文
言語:Vietnamese
主題:
タグ: タグ追加
タグなし, このレコードへの初めてのタグを付けませんか!
Thư viện lưu trữ: Thư viện Trường Đại học Đà Lạt
LEADER 00850nam a2200277 4500
001 DLU090071532
005 ##20090421
040 # # |a DLU  |b vie 
041 # # |a vie 
044 # # |a vn 
100 # # |a Phạm Hữu Nghị,   |c PGS. TS. 
245 # # |a Quy hoạch, kế hoạch sử dụng đất theo pháp luật Việt Nam :  |b Thực trạng và kiến nghị /  |c Phạm Hữu Nghị. 
653 # # |a Đất  
653 # # |a Luật đất đai 
653 # # |a Quy hoạch 
653 # # |a Sử dụng 
773 # # |t Nhà nước và pháp luật  |g Số 10(246), 2008, tr. 28-35 
920 # # |a Phòng Tạp chí -- Trung tâm Thông tin - Thư viện Trường Đại học Đà Lạt 
994 # # |a DLU 
900 # # |a True 
911 # # |a Nguyễn Thị Hồng Lê 
925 # # |a G 
926 # # |a A 
927 # # |a BB 
980 # # |a Thư viện Trường Đại học Đà Lạt